Largest Island Cities in Europe Quiz Stats

 Plays Quiz not verified by Sporcle

Challenge
Share
Tweet
Embed
Score 0/80 Timer 12:00
0 Plays Today
Population City % Correct
8,250,205London
97.5%
527,612Dublin
95.9%
590,507Glasgow
92.8%
510,746Manchester
91.3%
1,085,810Birmingham
90.6%
552,267Liverpool
88.8%
459,366Edinburgh
87.8%
1,230,728Copenhagen
87.2%
654,987Palermo
86.6%
280,561Belfast
85%
119,230Cork
83.8%
474,632Leeds
83.4%
335,145Cardiff
83.4%
310,355Nicosia
75.3%
518,090Sheffield
72.8%
120,339Reykjavik
71.3%
535,907Bristol
70.9%
268,064Newcastle upon Tyne
70.3%
195,021Aberdeen
69.4%
398,162Palma de Mallorca
67.5%
253,651Southampton
63.8%
179,485Swansea
63.8%
289,301Nottingham
61.3%
149,575Cagliari
61.3%
238,137Portsmouth
60%
152,841York
58.4%
159,994Oxford
57.8%
443,760Leicester
55.9%
145,818Cambridge
54.7%
234,982Plymouth
53.8%
147,285Dundee
53.8%
284,321Kingston upon Hull
53.4%
140,730Heraklion
53.1%
290,678Catania
52.8%
229,700Brighton and Hove
52.2%
325,949Coventry
51.6%
349,561Bradford
49.7%
186,682Norwich
49.1%
118,644Siracusa
48.8%
218,705Reading
48.4%
Population City % Correct
242,267Messina
47.8%
255,394Derby
46.6%
170,327Odense
46.3%
144,957Ipswich
45.3%
270,726Stoke-on-Trent
45%
147,663Blackpool
44.7%
210,319Wolverhampton
43.1%
174,286Sunderland
42.5%
215,173Northampton
40.3%
187,503Bournemouth
40.3%
184,600Limassol
39.4%
174,700Middlesbrough
38.4%
113,507Exeter
36.9%
136,362Gloucester
35.9%
128,060Newport
35%
211,228Luton
33.1%
171,750Milton Keynes
32.8%
161,707Peterborough
32.5%
117,963Blackburn
32.5%
194,189Bolton
27.5%
119,441Colchester
26.9%
125,672Sassari
26.6%
182,441Swindon
26.3%
175,547Southend-on-Sea
25.6%
155,298Slough
23.4%
109,805Doncaster
22.8%
154,718Poole
22.2%
162,949Huddersfield
21.9%
131,982Watford
21.9%
110,507Chelmsford
17.8%
116,447Cheltenham
17.5%
142,723Telford
17.2%
142,968Birkenhead
15.3%
165,456Warrington
14.7%
109,691Rotherham
13.8%
120,046Gateshead
13.1%
134,022Sale
12.2%
123,187Solihull
9.1%
120,256High Wycombe
9.1%
118,466Dordrecht
2.8%

You're not logged in!

Compare scores with friends on all Sporcle quizzes.
Join for Free
OR
Log In

You Might Also Like...

Show Comments

Extras

Top Quizzes Today


Score Distribution

Your Account Isn't Verified!

In order to create a playlist on Sporcle, you need to verify the email address you used during registration. Go to your Sporcle Settings to finish the process.

Report this User

Report this user for behavior that violates our Community Guidelines.

Details: